Statistics for 1st Quarter 8th Grade Level US History

Click here to take the quiz!

General Stats

  • This quiz has been taken 54 times
  • The average score is 3 of 7

Answer Stats

QuestionAnswer% Correct
The First PresidentGeorge Washington
100%
Region where gold was discovered and caused the gold rushCalifornia
73%
Revolutionary war leader and 1st Secretary of the TreasuryAlexander Hamilton
51%
The Place mexico invited US citizens to come toTexas
49%
The First Secretary Of TreasuryThomas Jefferson
37%
The land purchase required to complete the Trans-Continental RailroadGadsden Purchase
14%
Type of fast boat that originated in BaltimoreClipper
6%

Score Distribution

Percentile by Number Answered

Percent of People with Each Score

Your Score History

You have not taken this quiz